000 00996nam a22002417a 4500
999 _c41548
_d41548
001 12524
003 CO-MdFUSB
005 20170830085721.0
008 170830t1972 xxu||||| |||| 00| 0 s d
020 _a0-8254-1745-7
040 _aCO-MdFUSB
_bspa
_cCO-MdFUSB
_dCO-MdFUSBC
_erda
041 0 _aspa
082 0 4 _aG 223 T793i
100 1 _aTrenchard, Ernesto (1902-1972)
_eautor
245 0 _aIntroducción a los libros de sabiduría y Job
_c/ Ernesto Trenchard
264 4 _aGrand Rapids :
_bPortavoz,
_c©1972
300 _a142 Pag
336 _2rdacontent
_a1
_ba1
337 _2rdamedia
_a2
_b5
338 _2rdacarrier
_a2
_b5
505 0 0 _a- Literatura de la sabiduría (sapiencial) - Los diferentes géneros de literatura - Los distintos aspectos de la sabiduría - La forma poética de los libros de sabiduría - Origen de la literatura de sabiduría - La época de Salomón - La sabiduría divina y humana - La encarnación de la sabiduría - Exposición del libro de Job
942 _cBK